UM Logo

Impact Evaluation of UMDCs Kislap Program on Voting Literacy to the Recipients in Barangay Aplaya, Digos City/ (Record no. 7183)

MARC details
000 -LEADER
fixed length control field 00621nam a22001577a 4500
008 - FIXED-LENGTH DATA ELEMENTS--GENERAL INFORMATION
fixed length control field 170808b xxu||||| |||| 00| 0 eng d
082 ## - DEWEY DECIMAL CLASSIFICATION NUMBER
Edition number 2015
Classification number UT 0809
Item number G98
100 ## - MAIN ENTRY--PERSONAL NAME
9 (RLIN) 21745
Personal name Gutana, Mardelyn.
245 ## - TITLE STATEMENT
Title Impact Evaluation of UMDCs Kislap Program on Voting Literacy to the Recipients in Barangay Aplaya, Digos City/
Statement of responsibility, etc. Mardelyn D. Gutana, Chazmer G. Indin, Michelle J. Rodero.
260 ## - PUBLICATION, DISTRIBUTION, ETC. (IMPRINT)
Place of publication, distribution, etc. Digos City:
Name of publisher, distributor, etc. UMDC
Date of publication, distribution, etc. June 2015.
300 ## - PHYSICAL DESCRIPTION
Extent 66 pages;
Dimensions 29 cm.
650 #0 - SUBJECT ADDED ENTRY--TOPICAL TERM
9 (RLIN) 21746
Topical term or geographic name as entry element Education
Form subdivision English
General subdivision Undergraduate thesis.
700 ## - ADDED ENTRY--PERSONAL NAME
9 (RLIN) 21747
Personal name Indin, Chazmer G.
700 ## - ADDED ENTRY--PERSONAL NAME
9 (RLIN) 21748
Personal name Rodero, Michelle J.
942 ## - ADDED ENTRY ELEMENTS (KOHA)
Source of classification or shelving scheme Dewey Decimal Classification
Koha item type Undergraduate Thesis
Holdings
Withdrawn status Lost status Source of classification or shelving scheme Damaged status Not for loan Collection code Home library Current library Date acquired Total Checkouts Full call number Barcode Date last seen Copy number Price effective from Koha item type
    Dewey Decimal Classification     Undergraduate Theses UM Digos College - LIC UM Digos College - LIC 04/24/2017   UT 0809 G98 UT0809 08/08/2017 1 08/08/2017 Undergraduate Thesis